LIBRARY & INFORMATION CENTRE, KCAET, TAVANUR

ONLINE PUBLIC ACCESS CATALOGUE (OPAC)

Advanced reinforced concrete design / (Record no. 1969)

MARC details
000 -LEADER
fixed length control field 00397cam a2200157ua 4500
003 - CONTROL NUMBER IDENTIFIER
control field OSt
008 - FIXED-LENGTH DATA ELEMENTS--GENERAL INFORMATION
fixed length control field 250617b |||||||| |||| 00| 0 eng d
041 ## - LANGUAGE CODE
Language code of text/sound track or separate title eng
082 ## - DEWEY DECIMAL CLASSIFICATION NUMBER
Classification number 624.1834
Item number KRI/AD
100 ## - MAIN ENTRY--AUTHOR NAME
Personal name Krishnaraju, N .
245 ## - TITLE STATEMENT
Title Advanced reinforced concrete design /
250 ## - EDITION STATEMENT
Edition statement 1 /
260 ## - PUBLICATION, DISTRIBUTION, ETC. (IMPRINT)
Place of publication :
Name of publisher C B S Publishers & Distributers ,
Year of publication 1988.
300 ## - PHYSICAL DESCRIPTION
Number of Pages 359 ; .
942 ## - ADDED ENTRY ELEMENTS (KOHA)
Koha item type Books
Holdings
Withdrawn status Lost status Damaged status Home library Current library Date acquired Full call number Accession Number Koha item type
      KAUAET KAUAET 07/04/2012 624.1834 KRI/AD 19203 Books
      KAUAET KAUAET 20/08/1986 624.1834 KRI/AD 15431 Books
      KAUAET KAUAET 07/04/2012 624.1834 KRI/AD 19202 Books
free website counter